000 00487cam a2200181ua 4500
001 1598
005 20260515113345.0
008 110713n ii |||gr||||Z||||||eng
040 _cMAIN
082 _a336.243
100 _aKuchhal, S. C.,
245 1 _aCorporation finance :
_bprinciple and problems /
_cby S. C. Kuchhal
260 _aAllahabad:
_bChaitanya Publishing House,970.
300 _axvi; 564p:
_c23cm.
653 _aEconomics
653 _aCorporation finance
942 _cBK
999 _c1485
_d1485